Statistics for geography and politics

Click here to take the quiz!

General Stats

  • This quiz has been taken 50 times
  • The average score is 12 of 15

Answer Stats

QuestionAnswer% Correct
Which is smallest country in the worldVatican
98%
Capital city of HungaryBudapest
94%
Which of this countries the capital city is BangkokThailand
94%
Capital city of SlovakiaBratislava
91%
Capital city of BangladeshDhaka
91%
where is headquarters of the European commissionBrussels(Belgium)
87%
Which African country has the biggest populationNigeria
87%
President of BelarusAlexander Lukashenko
85%
Which of this countries is not in Caribbean seaEcuador
85%
Prime minister of IndiaNarendra Modi
83%
Country with the most MuslimsIndonesia
68%
Which of this countries has biggest populationIndonesia
66%
President of EgyptAbd Al–Fattah Al–Sisi
55%
Which of this is chancellor of AustriaSebastian Kurz
53%
Which of this countries is not part of NATOAustria
45%

Score Distribution

Percentile by Number Answered

Percent of People with Each Score

Your Score History

You have not taken this quiz